Alfabetik Olarak Türkiye İlleri - Statistics

General Stats
  • This quiz has been taken 808 times
  • The average score is 15 of 81
Answer Stats
Answer % Correct
Adana
100%
Adıyaman
82%
Afyonkarahisar
58%
Ağrı
53%
Aksaray
38%
Amasya
38%
Ankara
38%
Antalya
35%
Artvin
31%
Balıkesir
30%
Ardahan
29%
Aydın
27%
Bartın
26%
Batman
26%
Bilecik
24%
Bingöl
24%
Bitlis
24%
Bayburt
23%
Bursa
23%
Çanakkale
23%
Bolu
22%
Burdur
22%
Çankırı
22%
Çorum
22%
Denizli
22%
Diyarbakır
22%
Edirne
21%
Düzce
19%
Elazığ
19%
Erzincan
19%
Erzurum
19%
Giresun
19%
Gümüşhane
19%
Hatay
19%
Eskişehir
18%
Hakkâri
18%
Gaziantep
17%
İstanbul
17%
İzmir
17%
Iğdır
15%
Isparta
15%
Zonguldak
14%
Kahramanmaraş
12%
Karabük
12%
Karaman
12%
Kars
12%
Kastamonu
12%
Kayseri
12%
Yalova
11%
Yozgat
11%
Kırıkkale
9%
Kırklareli
9%
Kırşehir
9%
Konya
9%
Malatya
9%
Manisa
9%
Van
9%
Kocaeli
8%
Mardin
8%
Muğla
8%
Muş
8%
Niğde
8%
Kilis
7%
Kütahya
7%
Mersin
7%
Nevşehir
7%
Ordu
7%
Rize
7%
Samsun
7%
Tunceli
7%
Uşak
7%
Osmaniye
6%
Sakarya
6%
Tokat
6%
Trabzon
6%
Şanlıurfa
5%
Siirt
5%
Sinop
5%
Şırnak
5%
Sivas
5%
Tekirdağ
5%
No matching quizzes found
Score Distribution
Percent of People with Each Score
Percentile by Number Answered
Your Score History
You have not taken this quiz